[Event "Frankfurt-chB"]
[Site "Frankfurt"]
[Date "2019.05.13"]
[Round "3"]
[White "Barth, Horst"]
[Black "Bauer, Alfred"]
[Result "0-1"]
[WhiteElo "1200"]
[BlackElo "1298"]
[PlyCount "74"]
[EventDate "2019.04.29"]
[EventType "swiss"]
[EventRounds "7"]
[EventCountry "GER"]
[SourceTitle "EXT 2020"]
[Source "ChessBase"]
[SourceDate "2019.10.17"]
[SourceVersion "1"]
[SourceVersionDate "2019.10.17"]
[SourceQuality "1"]

1. e4 e6 2. d4 d5 3. exd5 exd5 4. Nc3 Nf6 5. h3 Nc6 6. Bb5 Bd7 7. Nf3 Be7 8. 0-0 0-0 9. a3 Re8 10. Re1 h6 11. Bf4 a6 12. Bxc6 bxc6 13. Ne5 Bd6 14. Qd2 Rb8 15. b4 Qc8 16. Nxd7 Qxd7 17. Bxd6 cxd6 18. Re2 Re6 19. Rxe6 fxe6 20. Re1 Re8 21. Qf4 Qc7 22. Qh4 e5 23. dxe5 dxe5 24. Qg3 Qb8 25. f3 Nd7 26. Qg6 Nf6 27. Nd1 Qb6+ 28. Kh1 Qd4 29. Ne3 Qd2 30. Qg3 Nh5 31. Qh4 Nf4 32. Qg3 Re6 33. Nf5 Nh5 34. Qh4 Kh7 35. g4 Nf4 36. Rg1 Qxc2 37. g5 Qxf5 0-1

[Event "Frankfurt-chB"]
[Site "Frankfurt"]
[Date "2019.05.06"]
[Round "2"]
[White "Bauer, Alfred"]
[Black "Kiel, Gerhard"]
[Result "0-1"]
[WhiteElo "1298"]
[BlackElo "1459"]
[PlyCount "60"]
[EventDate "2019.04.29"]
[EventType "swiss"]
[EventRounds "7"]
[EventCountry "GER"]
[SourceTitle "EXT 2020"]
[Source "ChessBase"]
[SourceDate "2019.10.17"]
[SourceVersion "1"]
[SourceVersionDate "2019.10.17"]
[SourceQuality "1"]

1. e4 g6 2. d4 Bg7 3. Nf3 d6 4. h3 a6 5. Be3 c6 6. Nc3 Nd7 7. Qd2 b5 8. Rd1 h6 9. b3 Bb7 10. Bd3 Rc8 11. 0-0 c5 12. Rfe1 e5 13. d5 g5 14. Qe2 Qf6 15. Nb1 Rb8 16. Nbd2 Bc8 17. a4 Ne7 18. axb5 axb5 19. Bxb5 0-0 20. Ra1 Ng6 21. Ra7 Rd8 22. Rea1 Nf4 23. Qf1 g4 24. hxg4 Qg6 25. Nh2 Nf6 26. f3 h5 27. g3 hxg4 28. Nxg4 Bxg4 29. fxg4 Nxg4 30. Bxf4 exf4 0-1

[Event "Steinfurt Bezirksliga 1819"]
[Site "Germany"]
[Date "2019.03.30"]
[Round "9.1"]
[White "Siebald, Joerg"]
[Black "Bauer, Alfred"]
[Result "1-0"]
[WhiteElo "1720"]
[BlackElo "1502"]
[PlyCount "129"]
[EventDate "2018.09.01"]
[EventType "team-tourn"]
[EventRounds "10"]
[EventCountry "GER"]
[SourceTitle "EXT 2020"]
[Source "ChessBase"]
[SourceDate "2019.10.17"]
[SourceVersion "1"]
[SourceVersionDate "2019.10.17"]
[SourceQuality "1"]
[WhiteTeam "Emsdetten Rochade IV"]
[BlackTeam "Steinfurt III"]
[WhiteTeamCountry "GER"]
[BlackTeamCountry "GER"]

1. e4 Nc6 2. g3 Nf6 3. Bg2 e5 4. d3 h6 5. Nc3 Bb4 6. Bd2 a6 7. Nge2 Bc5 8. 0-0 d6 9. Kh1 Ng4 10. Qe1 h5 11. Nd5 Be6 12. f3 Nxh2 13. Kxh2 h4 14. g4 g5 15. Bh3 Nb8 16. Nec3 c6 17. Ne3 Nd7 18. Nf5 Bxf5 19. exf5 d5 20. Ne2 Qc7 21. Bxg5 f6 22. Bxh4 0-0-0 23. Bg3 Rh7 24. Rh1 Rdh8 25. Kg2 Be3 26. Bf2 Bg5 27. Ng3 c5 28. c3 Qc6 29. c4 Nb6 30. b3 Rd8 31. Be3 Bh4 32. Bf2 Rhd7 33. cxd5 Nxd5 34. Nh5 Nf4+ 35. Nxf4 Bxf2 36. Kxf2 exf4 37. Qe6 Qxe6 38. fxe6 Rxd3 39. Rae1 Kc7 40. Bf1 Rd2+ 41. Re2 Rxe2+ 42. Bxe2 Re8 43. Rh7+ Kc6 44. e7 b5 45. Bd3 Kd6 46. Bg6 Rxe7 47. Rxe7 Kxe7 48. Ke2 Kd6 49. Kd3 Ke5 50. a4 Kd6 51. Ke4 c4 52. bxc4 bxa4 53. Kd4 a3 54. Kc3 Kc5 55. Bd3 a5 56. Kb3 Kd4 57. Bf1 Ke3 58. c5 Kf2 59. Ba6 Kxf3 60. c6 Kxg4 61. c7 f3 62. c8Q+ Kg3 63. Qc3 a2 64. Kxa2 Kg2 65. Bb7 1-0

[Event "Steinfurt Bezirksliga 1819"]
[Site "Germany"]
[Date "2018.11.24"]
[Round "4.2"]
[White "Schellmann, Maraike"]
[Black "Bauer, Alfred"]
[Result "0-1"]
[WhiteElo "1544"]
[BlackElo "1502"]
[PlyCount "68"]
[EventDate "2018.09.01"]
[EventType "team-tourn"]
[EventRounds "10"]
[EventCountry "GER"]
[SourceTitle "EXT 2020"]
[Source "ChessBase"]
[SourceDate "2019.10.17"]
[SourceVersion "1"]
[SourceVersionDate "2019.10.17"]
[SourceQuality "1"]
[WhiteTeam "Emsdetten Rochade IV"]
[BlackTeam "Steinfurt III"]
[WhiteTeamCountry "GER"]
[BlackTeamCountry "GER"]

1. e4 Nc6 2. Nf3 a6 3. d4 e6 4. Nbd2 d6 5. g3 Be7 6. Bg2 Bf6 7. c3 e5 8. Nc4 Bg4 9. dxe5 Bxe5 10. Qb3 b5 11. Ne3 Be6 12. Qc2 Nge7 13. 0-0 h6 14. Rd1 Qc8 15. h4 g6 16. Nd4 g5 17. Nxe6 Qxe6 18. Nf5 gxh4 19. Nxh4 Bf6 20. Nf5 Nxf5 21. exf5 Qd7 22. Qe4+ Kf8 23. Qxc6 Qxc6 24. Bxc6 Rd8 25. Be3 Kg7 26. Bd4 h5 27. Bxf6+ Kxf6 28. Bb7 a5 29. Rd5 Rdg8 30. Kg2 h4 31. Rh1 b4 32. cxb4 axb4 33. a4 bxa3 34. bxa3 Rg7 0-1

[Event "Steinfurt Bezirksliga 1617"]
[Site "Germany"]
[Date "2016.10.22"]
[Round "2.3"]
[White "Ortmeier, Leonhard"]
[Black "Bauer, Alfred"]
[Result "1-0"]
[WhiteElo "1866"]
[BlackElo "1406"]
[PlyCount "97"]
[EventDate "2016.09.24"]
[EventType "team"]
[EventRounds "9"]
[EventCountry "GER"]
[SourceTitle "EXT 2018"]
[Source "ChessBase"]
[SourceDate "2017.10.13"]
[SourceVersion "1"]
[SourceVersionDate "2017.10.13"]
[SourceQuality "1"]
[WhiteTeam "Emsdetten Rochade III"]
[BlackTeam "Steinfurt III"]
[WhiteTeamCountry "GER"]
[BlackTeamCountry "GER"]

1. e4 Nc6 2. Nf3 d6 3. d4 a6 4. Bf4 h6 5. d5 Na7 6. c4 e5 7. dxe6 Bxe6 8. Nc3 Nf6 9. Bd3 Nh7 10. 0-0 Be7 11. Qc2 Bg4 12. Nd4 c5 13. Nde2 Nc6 14. f3 Bd7 15. Nd5 Nf6 16. Nxe7 Qxe7 17. Rad1 Nb4 18. Qb3 0-0 19. Bb1 Ne8 20. Rd2 Rd8 21. Rfd1 Be6 22. Qc3 f6 23. Bg3 Nc6 24. Nf4 Bf7 25. Nd5 Bxd5 26. exd5 Nd4 27. Bf2 f5 28. Bxd4 cxd4 29. Qxd4 Qc7 30. Re2 b6 31. Rde1 Qc5 32. Qxc5 bxc5 33. Bxf5 Nc7 34. Re7 Rf7 35. Be6 Nxe6 36. R1xe6 Rxe7 37. Rxe7 Rb8 38. b3 Rb6 39. Rc7 Rb8 40. Rc6 Re8 41. Kf2 a5 42. Rxd6 a4 43. Rb6 Ra8 44. b4 cxb4 45. Rxb4 a3 46. Rb7 Rc8 47. d6 Rxc4 48. d7 Rd4 49. Rb8+ 1-0

[Event "Steinfurt Bezirksliga 1516"]
[Site "Germany"]
[Date "2016.03.12"]
[Round "7.3"]
[White "Bauer, Alfred"]
[Black "Langhorst, Tobias"]
[Result "1-0"]
[WhiteElo "1397"]
[BlackElo "1591"]
[PlyCount "105"]
[EventDate "2015.09.19"]
[EventType "team-tourn"]
[EventRounds "9"]
[EventCountry "GER"]
[SourceTitle "EXT 2017"]
[Source "ChessBase"]
[SourceDate "2016.10.25"]
[SourceVersion "1"]
[SourceVersionDate "2016.10.25"]
[SourceQuality "1"]
[WhiteTeam "Steinfurt III"]
[BlackTeam "Emsdetten Rochade IV"]
[WhiteTeamCountry "GER"]
[BlackTeamCountry "GER"]

1. e4 c5 2. Nf3 Nc6 3. Bb5 Nd4 4. Nxd4 cxd4 5. Be2 e5 6. d3 d5 7. exd5 Qxd5 8. Bf3 Qb5 9. 0-0 Nf6 10. a4 Qb6 11. Re1 Bd6 12. Nd2 Be6 13. h3 Rc8 14. Ne4 Nxe4 15. dxe4 0-0 16. Be2 Rfd8 17. b3 Bb4 18. Rf1 Qc6 19. Bd3 Qc3 20. Ra2 a6 21. f4 f6 22. f5 Bd7 23. Rf3 Qc5 24. Rg3 Qa5 25. Bh6 Bf8 26. Bd2 Qb6 27. h4 Bc6 28. Kh2 Qc7 29. h5 b5 30. h6 Rd7 31. a5 Qb7 32. Qg4 Rcc7 33. Qh4 Rc8 34. Qxf6 Rf7 35. Qh4 Qe7 36. Bg5 Qc7 37. Bd2 Qe7 38. Qg4 Qc7 39. Qf3 Qd7 40. Qg4 Qe7 41. Ra1 Bd7 42. Rf1 Rc6 43. Kg1 Rg6 44. Qh3 Rxg3 45. Qxg3 g6 46. fxg6 Rxf1+ 47. Bxf1 Qf6 48. g7 Bc5 49. Bd3 b4 50. Bc4+ Be6 51. Qd3 Qf7 52. Bxa6 Qh5 53. Bc1 1-0

[Event "Steinfurt Bezirksliga 1516"]
[Site "Germany"]
[Date "2016.01.23"]
[Round "5.2"]
[White "Potalujew, Sergej"]
[Black "Bauer, Alfred"]
[Result "1-0"]
[WhiteElo "1681"]
[BlackElo "1397"]
[PlyCount "69"]
[EventDate "2015.09.19"]
[EventType "team-tourn"]
[EventRounds "9"]
[EventCountry "GER"]
[SourceTitle "EXT 2017"]
[Source "ChessBase"]
[SourceDate "2016.10.25"]
[SourceVersion "1"]
[SourceVersionDate "2016.10.25"]
[SourceQuality "1"]
[WhiteTeam "Ibbenbueren II"]
[BlackTeam "Steinfurt III"]
[WhiteTeamCountry "GER"]
[BlackTeamCountry "GER"]

1. d4 Nf6 2. Nf3 d6 3. c3 h6 4. Bf4 Bg4 5. Nbd2 Nbd7 6. Qb3 b6 7. h3 Bf5 8. e3 e6 9. Bb5 Be7 10. Bc6 Rb8 11. e4 Bg6 12. e5 Nh5 13. Bh2 Bg5 14. exd6 Bf4 15. Bxf4 Nxf4 16. Ne5 Nd3+ 17. Nxd3 Bxd3 18. c4 Bh7 19. dxc7 Qxc7 20. Bf3 0-0 21. 0-0 Qf4 22. Qe3 Qc7 23. Rac1 Rfd8 24. Be4 f5 25. Bf3 Qd6 26. Rfe1 Kf7 27. c5 bxc5 28. dxc5 Qe7 29. c6 Rxb2 30. cxd7 Rxd7 31. Nc4 Rxa2 32. Ne5+ Kf6 33. Nxd7+ Qxd7 34. Qe5+ Kf7 35. Rc7 1-0

[Event "Frankfurt-chB"]
[Site "Frankfurt"]
[Date "2014.05.19"]
[Round "4"]
[White "Bauer, Alfred"]
[Black "Herwig Paeutz, Martin"]
[Result "1-0"]
[WhiteElo "1420"]
[BlackElo "1379"]
[PlyCount "67"]
[EventDate "2014.04.28"]
[EventType "swiss"]
[EventRounds "7"]
[EventCountry "GER"]
[SourceTitle "EXT 2015"]
[Source "ChessBase"]
[SourceDate "2014.11.20"]
[SourceVersion "1"]
[SourceVersionDate "2014.11.20"]
[SourceQuality "1"]

1. e4 g6 2. d4 Bg7 3. Nc3 d6 4. Nf3 Bg4 5. Be3 Nf6 6. h3 Bxf3 7. Qxf3 c6 8. 0-0-0 Nbd7 9. Bf4 Qb6 10. Qe3 a5 11. Bh6 Bxh6 12. Qxh6 0-0-0 13. Bc4 d5 14. exd5 Qb4 15. Bb3 c5 16. dxc5 Nxc5 17. Rhe1 b6 18. Qe3 Rhe8 19. Qf3 Rd6 20. Qe2 Nfd7 21. Bc4 Nb8 22. a3 Nb3+ 23. Bxb3 Qf4+ 24. Kb1 Kb7 25. Nb5 Rdd8 26. f3 Na6 27. Qe4 Qxe4 28. Rxe4 Nc5 29. Re3 Nxb3 30. Rxb3 e6 31. d6 a4 32. Rc3 Rd7 33. Rc7+ Rxc7 34. dxc7 1-0

[Event "Steinfurt Bezirksliga 1314"]
[Site "Germany"]
[Date "2014.01.25"]
[Round "5.4"]
[White "Bauer, Alfred"]
[Black "Pohlmeier, Ulrich"]
[Result "0-1"]
[WhiteElo "1449"]
[BlackElo "1621"]
[PlyCount "116"]
[EventDate "2013.09.14"]
[EventType "team-tourn"]
[EventRounds "9"]
[EventCountry "GER"]
[SourceTitle "EXT 2015"]
[Source "ChessBase"]
[SourceDate "2014.11.20"]
[SourceVersion "1"]
[SourceVersionDate "2014.11.20"]
[SourceQuality "1"]
[WhiteTeam "Steinfurt III"]
[BlackTeam "Rheine Klein Berlin II"]
[WhiteTeamCountry "GER"]
[BlackTeamCountry "GER"]

1. e4 d6 2. Nc3 g6 3. d4 Bg7 4. h3 Nd7 5. Nf3 c5 6. Be3 a6 7. a3 b5 8. b4 cxb4 9. axb4 Bb7 10. Ra5 Ngf6 11. Bd3 0-0 12. 0-0 Rc8 13. Qd2 Nb8 14. Rb1 Qc7 15. Ra3 Nbd7 16. Qe1 Nb6 17. Nd2 Nfd7 18. Ne2 d5 19. e5 Nc4 20. Bxc4 dxc4 21. c3 Nb6 22. Bf4 Qc6 23. Nf3 Nd5 24. Qc1 Qe6 25. Bh6 f6 26. Bxg7 Kxg7 27. Nf4 Qf5 28. Nxd5 Bxd5 29. Qe3 Qxb1+ 30. Kh2 Qe4 31. exf6+ Rxf6 32. Qxe4 Bxe4 33. Nd2 Bb7 34. f3 Re6 35. Nf1 Re2 36. Kg3 Rb2 37. Ra1 Rc6 38. Re1 Kf7 39. Re3 Re6 40. d5 Rxe3 41. Nxe3 Rb3 42. Kf4 Rxc3 43. Ng4 Bxd5 44. Ne5+ Ke6 45. Ng4 Rb3 46. h4 Rxb4 47. Ne3 Rb3 48. Nc2 Rd3 49. Nb4 a5 50. Nxd3 cxd3 51. Ke3 Bc4 52. g4 a4 53. f4 a3 54. h5 gxh5 55. f5+ Kf6 56. g5+ Kxg5 57. f6 Kxf6 58. Kd2 a2 0-1

[Event "Steinfurt Bezirksklasse 1213"]
[Site "Germany"]
[Date "2013.03.23"]
[Round "7.4"]
[White "Burton, Christopher"]
[Black "Bauer, Alfred"]
[Result "0-1"]
[WhiteElo "1212"]
[BlackElo "1341"]
[PlyCount "70"]
[EventDate "2012.09.29"]
[EventType "team-tourn"]
[EventRounds "9"]
[EventCountry "GER"]
[SourceTitle "EXT 2015"]
[Source "ChessBase"]
[SourceDate "2014.11.20"]
[SourceVersion "1"]
[SourceVersionDate "2014.11.20"]
[SourceQuality "1"]
[WhiteTeam "Westerkappeln II"]
[BlackTeam "Steinfurt IV"]
[WhiteTeamCountry "GER"]
[BlackTeamCountry "GER"]

1. Nc3 Nf6 2. f3 e6 3. e4 d6 4. Bd3 a6 5. Nge2 Nc6 6. a3 h6 7. 0-0 Ne5 8. b4 Nxd3 9. cxd3 e5 10. d4 Bd7 11. d5 Be7 12. d4 0-0 13. dxe5 dxe5 14. Bb2 Bd6 15. Ng3 Re8 16. Qd3 c5 17. b5 Qb6 18. Na4 Qa5 19. Nc3 axb5 20. Nf5 Bxf5 21. exf5 Qb6 22. Qxb5 Qa7 23. Kh1 Rec8 24. Ne4 Nxe4 25. fxe4 b6 26. f6 g6 27. Bc1 Kh7 28. Rf3 Qa4 29. Qe2 Bf8 30. Rh3 Qd7 31. g4 Ra4 32. Bg5 Rca8 33. Bh4 c4 34. Qe3 Rxa3 35. Rxa3 Rxa3 0-1

[Event "Frankfurt-ch"]
[Site "Frankfurt"]
[Date "2009.06.22"]
[Round "6"]
[White "Bauer, Alfred"]
[Black "Popp, Matthias"]
[Result "1/2-1/2"]
[WhiteElo "1407"]
[BlackElo "1591"]
[PlyCount "57"]
[EventDate "2009.04.27"]
[EventType "tourn"]
[EventRounds "7"]
[EventCountry "GER"]
[SourceTitle "EXT 2010"]
[Source "ChessBase"]
[SourceDate "2010.11.25"]
[SourceVersion "1"]
[SourceVersionDate "2010.11.25"]
[SourceQuality "1"]

1. e4 c5 2. Nf3 Nc6 3. d4 cxd4 4. Nxd4 e5 5. Nb5 d6 6. N1c3 a6 7. Na3 b5 8. Nd5 Nf6 9. f3 Nxd5 10. exd5 Nd4 11. Be3 Nf5 12. Bf2 Be7 13. Bd3 Qa5+ 14. Qd2 Qxd2+ 15. Kxd2 Bg5+ 16. Ke2 0-0 17. Rhe1 Bf4 18. g3 Bg5 19. c4 b4 20. Nc2 a5 21. Kf1 h5 22. h4 Bf6 23. Kg2 Ne7 24. Ne3 Bd7 25. g4 hxg4 26. fxg4 Ng6 27. Bxg6 fxg6 28. Rh1 e4 29. Bg3 1/2-1/2

[Event "Frankfurt-ch"]
[Site "Frankfurt"]
[Date "2008.06.16"]
[Round "7"]
[White "Bauer, Alfred"]
[Black "Haftmann, Rainer"]
[Result "1/2-1/2"]
[WhiteElo "1400"]
[BlackElo "1859"]
[PlyCount "65"]
[EventDate "2008.04.28"]
[EventType "swiss"]
[EventRounds "7"]
[EventCountry "GER"]
[SourceTitle "EXT 2009"]
[Source "ChessBase"]
[SourceDate "2008.11.26"]
[SourceVersion "1"]
[SourceVersionDate "2008.11.26"]
[SourceQuality "1"]

1. e4 e5 2. Nf3 Nc6 3. Bc4 Nf6 4. d3 Be7 5. Be3 0-0 6. a3 d5 7. exd5 Nxd5 8. 0-0 Bg4 9. Nbd2 Kh8 10. h3 Bh5 11. Nb3 f5 12. Qc1 Bxf3 13. gxf3 f4 14. Bc5 b6 15. Bxe7 Ncxe7 16. d4 exd4 17. Nxd4 Rf6 18. Kh2 Qd7 19. Rh1 Rh6 20. Qf1 Rf8 21. Bd3 c5 22. Ne2 Ng6 23. Rd1 Qe6 24. Be4 Nge7 25. Qg2 Qe5 26. Rhg1 g6 27. c4 Nf6 28. Rd2 Nxe4 29. fxe4 f3+ 30. Qg3 Qxe4 31. Nc3 Qe6 32. Rgd1 Rh5 33. Rd7 1/2-1/2

[Event "Ludwigshafen-ch 21st"]
[Site "Ludwigshafen"]
[Date "2007.09.06"]
[Round "6"]
[White "Bauer, Alfred"]
[Black "Wild, Heinz Oskar"]
[Result "0-1"]
[WhiteElo "1428"]
[BlackElo "1800"]
[PlyCount "54"]
[EventDate "2007.08.25"]
[EventType "swiss"]
[EventRounds "7"]
[EventCountry "GER"]
[SourceTitle "EXT 2008"]
[Source "ChessBase"]
[SourceDate "2007.11.25"]
[SourceVersion "1"]
[SourceVersionDate "2007.11.25"]
[SourceQuality "1"]

1. e4 c5 2. Nf3 d6 3. d4 cxd4 4. Nxd4 Nf6 5. Nc3 a6 6. f3 e5 7. Nb3 Be7 8. Be3 Nc6 9. Bc4 0-0 10. Qd2 Be6 11. Bxe6 fxe6 12. 0-0-0 b5 13. h4 Na5 14. Kb1 Nc4 15. Qc1 Qc7 16. g4 Rac8 17. g5 Nh5 18. Rh3 b4 19. Ne2 Nxe3 20. Ng3 Nf4 21. Rh2 Nxd1 22. Qxd1 a5 23. Ne2 a4 24. Na1 Qc5 25. Nc1 d5 26. Nd3 Nxd3 27. Qxd3 Qg1+ 0-1

[Event "Ludwigshafen-ch 21st"]
[Site "Ludwigshafen"]
[Date "2007.08.25"]
[Round "1"]
[White "Hennrich, Reinhard"]
[Black "Bauer, Alfred"]
[Result "1-0"]
[WhiteElo "1873"]
[BlackElo "1428"]
[PlyCount "101"]
[EventDate "2007.08.25"]
[EventType "swiss"]
[EventRounds "7"]
[EventCountry "GER"]
[SourceTitle "EXT 2008"]
[Source "ChessBase"]
[SourceDate "2007.11.25"]
[SourceVersion "1"]
[SourceVersionDate "2007.11.25"]
[SourceQuality "1"]

1. d4 d5 2. Nf3 Nf6 3. c4 e6 4. Nc3 c6 5. Bg5 Nbd7 6. e3 Qa5 7. Bxf6 Nxf6 8. a3 Ne4 9. Rc1 Be7 10. Bd3 Nxc3 11. Qd2 0-0 12. Rxc3 Bd7 13. Ne5 Rad8 14. c5 Bc8 15. Qc2 g6 16. h4 h5 17. Bxg6 Bf6 18. Bxh5 Bxe5 19. dxe5 Qc7 20. f4 d4 21. exd4 Rxd4 22. Qf2 Rfd8 23. 0-0 Kf8 24. Qg3 Rd2 25. b4 Qd7 26. Qe3 Qe7 27. g3 R8d4 28. Rf2 Qd7 29. Rxd2 Rxd2 30. Be2 b6 31. Rd3 Rxd3 32. Qxd3 Qe7 33. Qd6 bxc5 34. Qxe7+ Kxe7 35. bxc5 Kf8 36. g4 Kg7 37. Kf2 Bd7 38. Ke3 Be8 39. Kd4 Bd7 40. Kc3 Kf8 41. Kb4 Bc8 42. Ka5 Kg7 43. Ba6 Bd7 44. Bd3 Bc8 45. Be4 Bb7 46. f5 exf5 47. Bxf5 Kf8 48. g5 Kg7 49. h5 Kf8 50. Bd3 Kg7 51. Ba6 1-0

[Event "Frankfurt-ch"]
[Site "Frankfurt"]
[Date "2007.06.04"]
[Round "5"]
[White "Vogelgesang, Marc"]
[Black "Bauer, Alfred"]
[Result "1-0"]
[WhiteElo "1520"]
[BlackElo "1410"]
[PlyCount "87"]
[EventDate "2007.04.30"]
[EventType "swiss"]
[EventRounds "7"]
[EventCountry "GER"]
[SourceTitle "EXT 2008"]
[Source "ChessBase"]
[SourceDate "2007.11.25"]
[SourceVersion "1"]
[SourceVersionDate "2007.11.25"]
[SourceQuality "1"]

1. e4 e6 2. Nf3 d5 3. d3 Nf6 4. Qe2 c6 5. g3 Be7 6. Bg2 Nbd7 7. e5 Ng8 8. d4 c5 9. c3 cxd4 10. Nxd4 Qc7 11. f4 a6 12. 0-0 Bc5 13. Be3 Ne7 14. Nd2 0-0 15. N2b3 Ba7 16. Rac1 Nb6 17. Nd2 Bd7 18. N2f3 Nc4 19. Bf2 b5 20. Kh1 Rac8 21. Rc2 Qb8 22. Rfc1 Rc7 23. Bf1 Rb7 24. Qd3 b4 25. cxb4 Rxb4 26. b3 Na5 27. Qxa6 Bb6 28. Qd3 Bd8 29. Be1 Rb5 30. Nxb5 Bxb5 31. Qxb5 Nb7 32. Nd4 Qa8 33. Nc6 Nf5 34. Nxd8 Rxd8 35. Bf2 d4 36. Bg2 d3 37. Rd2 Qa3 38. Rcd1 Rb8 39. Bxb7 Qe7 40. Qxd3 Qxb7+ 41. Kg1 h6 42. Rc1 Ne7 43. Qd7 Qb4 44. Bc5 1-0